<?xml version="1.0" encoding="UTF-8"?>
<record
    xmlns:xsi="http://www.w3.org/2001/XMLSchema-instance"
    xsi:schemaLocation="http://www.loc.gov/MARC21/slim http://www.loc.gov/standards/marcxml/schema/MARC21slim.xsd"
    xmlns="http://www.loc.gov/MARC21/slim">

  <leader>00502nam a2200193Ia 4500</leader>
  <controlfield tag="003">0STCL</controlfield>
  <controlfield tag="005">20241017102021.0</controlfield>
  <controlfield tag="008">150530s9999    xx            000 0 und d</controlfield>
  <datafield tag="040" ind1=" " ind2=" ">
    <subfield code="a">STCL</subfield>
    <subfield code="c">STCL</subfield>
  </datafield>
  <datafield tag="100" ind1=" " ind2=" ">
    <subfield code="a">Padmarajan, P</subfield>
  </datafield>
  <datafield tag="245" ind1=" " ind2=" ">
    <subfield code="a">&#xD2E;&#xD32;&#xD2F;&#xD3E;&#xD33;&#xD24;&#xD4D;&#xD24;&#xD3F;&#xD28;&#xD4D;&#xD31;&#xD46; &#xD38;&#xD41;&#xD35;&#xD7C;&#xD23;&#xD4D;&#xD23; &#xD15;&#xD25;&#xD15;&#xD7E;</subfield>
  </datafield>
  <datafield tag="246" ind1=" " ind2=" ">
    <subfield code="a">Malayalathinte Suvarnakathakal</subfield>
  </datafield>
  <datafield tag="250" ind1=" " ind2=" ">
    <subfield code="a">1</subfield>
  </datafield>
  <datafield tag="260" ind1=" " ind2=" ">
    <subfield code="b">Green Books</subfield>
    <subfield code="c">2009</subfield>
    <subfield code="a">Thrissur</subfield>
  </datafield>
  <datafield tag="300" ind1=" " ind2=" ">
    <subfield code="a">0</subfield>
  </datafield>
  <datafield tag="546" ind1=" " ind2=" ">
    <subfield code="a">Malayalam</subfield>
  </datafield>
  <datafield tag="942" ind1=" " ind2=" ">
    <subfield code="2">ddc</subfield>
    <subfield code="c">BK</subfield>
  </datafield>
  <datafield tag="999" ind1=" " ind2=" ">
    <subfield code="c">66991</subfield>
    <subfield code="d">66991</subfield>
  </datafield>
  <datafield tag="952" ind1=" " ind2=" ">
    <subfield code="0">0</subfield>
    <subfield code="1">0</subfield>
    <subfield code="2">ddc</subfield>
    <subfield code="4">0</subfield>
    <subfield code="7">0</subfield>
    <subfield code="a">STCAL</subfield>
    <subfield code="b">STCAL</subfield>
    <subfield code="c">GEN</subfield>
    <subfield code="d">2015-05-30</subfield>
    <subfield code="g">95.00</subfield>
    <subfield code="l">22</subfield>
    <subfield code="m">5</subfield>
    <subfield code="o">M814 PAD-M</subfield>
    <subfield code="p">80632</subfield>
    <subfield code="r">2026-01-13 09:51:43</subfield>
    <subfield code="s">2025-11-25</subfield>
    <subfield code="w">2015-05-30</subfield>
    <subfield code="y">BK</subfield>
  </datafield>
</record>
